| 000 | 01069cam a22003377a 4500 | ||
|---|---|---|---|
| 003 | CHAP | ||
| 005 | 20220329140405.0 | ||
| 008 | 971013s1960 r 00010 d | ||
| 010 | _a51298 | ||
| 011 | _a52270 | ||
| 035 | _a56420 | ||
| 040 | _cCHAP | ||
| 090 | _aFolleto 291 | ||
| 100 | 0 | 0 |
_aRojas, Basilio A. _999390 |
| 245 | 1 | 3 | _aEl muestreo en las investigaciones ganaderas |
| 260 |
_aMéxico, D. F. : _b(s.e.), _c1960 |
||
| 300 | _a7 p. | ||
| 500 | _a10 c. agrupadas en una carpeta | ||
| 500 | _a5 c. en bodega | ||
| 590 |
_aBATCH-UPD _b10 _c20130110 _lUCH01 _h0412 |
||
| 590 |
_aBATCH-UPD _b10 _c20130410 _lUCH01 _h0046 |
||
| 590 |
_aBATCH-UPD _b10 _c20130914 _lUCH01 _h1459 |
||
| 590 |
_aCONVERSION _b10 _c20130109 _lUCH01 _h1328 |
||
| 650 | 1 | 4 |
_aGanadería. _944604 |
| 901 | _aBK | ||
| 942 | _cFOLL | ||
| 949 |
_aFolleto 291 _bBC _cFOLL _d-123243 _eTS1 _i56420 _si |
||
| 949 |
_aFolleto 291 _bBC _cFOLL _d-123244 _eTS2 _fc.2 _i56420 _si |
||
| 949 |
_aFolleto 291 _bBC _cFOLL _d-123245 _eTS2 _fc.3 _i56420 _si |
||
| 949 |
_aFolleto 291 _bBC _cFOLL _d-123246 _eTS2 _fc.4 _i56420 _si |
||
| 999 |
_c51298 _d51298 |
||